=LDR 00000nam 2200000 4500 =001 INLIS000000000810597 =005 20260618013326 =035 ##$$a 0010-0626000034 =007 ta =008 260618################g##########0#ara## =082 ##$$a 297.124 =084 ##$$a 297.124 ABD a =100 #$$a Abdurrauf al-Munawi =245 1#$$a Al-Ithafat =250 ##$$a Cet. 1 =260 ##$$a Kairo :$b Syirkah al-Quds =300 ##$$a 279 hlm. : $b ilustrasi ; $c 24 cm =600 #4$$a Hadis dan ilmu hadis